000 00664nam a2200265Ia 4500
003 OSt
005 20221005033314.0
006 a|||||r|||| 00| 0
007 ta
008 221004b |||||||| |||| 00| 0 eng d
020 _a8170182832
024 _a72737
037 _cTextual
040 _aCRL
_cCRL
_beng
041 _2eng
_aeng
082 _a2:8, M6
100 _aPanwar B S
245 0 _aLibrary Management
260 _aDelhi
_bB.R publishing corporation India
_c1986
300 _a336p
_ccm.
650 _aLIBRARY SCIENCE
700 _a Vyas S D
942 _h2:8, M6
_cTEXL
_2cc
999 _c941316
_d941316